Introduction to clinical psychology / (Record no. 117944)
[ view plain ]
| 000 -LEADER | |
|---|---|
| fixed length control field | 00582nam a2200181Ia 4500 |
| 008 - FIXED-LENGTH DATA ELEMENTS--GENERAL INFORMATION | |
| fixed length control field | 140609s9999 xx 000 0 und d |
| 020 ## - INTERNATIONAL STANDARD BOOK NUMBER | |
| International Standard Book Number | 9789810696719 |
| 050 ## - LIBRARY OF CONGRESS CALL NUMBER | |
| Classification number | RC 467 |
| Item number | .K89 2009 |
| 100 ## - MAIN ENTRY--PERSONAL NAME | |
| Personal name | Kramer, Geoffrey P. |
| 245 ## - TITLE STATEMENT | |
| Title | Introduction to clinical psychology / |
| Statement of responsibility, etc | Geoffrey P. Kramer, Douglas A. Bernstein, Vicky Phares |
| 250 ## - EDITION STATEMENT | |
| Edition statement | 7th ed. |
| 260 ## - PUBLICATION, DISTRIBUTION, ETC. (IMPRINT) | |
| Place of publication, distribution, etc | Upper Saddle River, NJ : |
| Name of publisher, distributor, etc | Pearson Prentice Hall, |
| Date of publication, distribution, etc | c2009. |
| 300 ## - PHYSICAL DESCRIPTION | |
| Extent | 657 p. ; |
| Dimensions | 23 cm. |
| 500 ## - GENERAL NOTE | |
| General note | Includes bibliographical references and index. |
| 521 ## - TARGET AUDIENCE NOTE | |
| Target audience note | |
| 942 ## - ADDED ENTRY ELEMENTS (KOHA) | |
| Call number prefix | Foreign |
| Koha item type | Books |
| Withdrawn status | Lost status | Source of classification or shelving scheme | Damaged status | Home library | Current library | Shelving location | Date acquired | Source of acquisition | Total Checkouts | Total Renewals | Full call number | Barcode | Date last seen | Date checked out | Price effective from | Koha item type |
|---|---|---|---|---|---|---|---|---|---|---|---|---|---|---|---|---|
| Library of Congress Classification | College Library | College Library | General Circulation Section | 06/09/2014 | Donation | 3 | 5 | RC 467 .K89 2009 | C18232 | 10/02/2018 | 09/24/2018 | 06/09/2014 | Books |